000 00289nam a22001337a 4500
008 171016b xxu||||| |||| 00| 0 eng d
020 _a9781256721437
041 _aeng
080 _a33
100 _a52
101 _aECO
245 _aECONOMICS TODAY
_cMILLER.R..L
942 _2udc
_cBK
999 _c34154
_d34154